000
00301nam a22001097a 4500
040
_c
NUST
082
_a
809.2431,ATH
245
_a
Chashm e falak / چشم فلک (Urdu) /
_c
Mian Muhammad Jameel Athar
260
_a
Rawalpindi
_b
Haraf Acadmy
_c
2014
300
_a
247 p.;
942
_2
ddc
_c
BK
_k
809.2431,ATH
999
_c
593516
_d
593516